Vista normal Vista MARC

Entrada Meeting Name

Número de registros utilizados en: 1

001 - CONTROL NUMBER

  • control field: 41250

003 - CONTROL NUMBER IDENTIFIER

  • control field: OSt

005 - DATE AND TIME OF LATEST TRANSACTION

  • control field: 20211022115725.0

008 - FIXED-LENGTH DATA ELEMENTS

  • fixed length control field: 211022|| aca||aabn | a|a d

040 ## - CATALOGING SOURCE

  • Original cataloging agency: OSt
  • Transcribing agency: OSt

111 ## - HEADING--MEETING NAME

  • Meeting name or jurisdiction name as entry element: Asamblea General de la Asociación Latinoamericana de Instituciones Financieras
  • Number of part/section/meeting: (15 :
  • Date of meeting or treaty signing: 1985 :
  • Location of meeting: Cartagena)

670 ## - SOURCE DATA FOUND

  • Source citation: Work cat.: (OSt)8634: 17840, El financiamiento del desarrollo y el proceso de recuperación económica de América Latina y el Caribe / , 1985